| 000 | 00477cam a2200169ua 4500 | ||
|---|---|---|---|
| 020 | _c3.00 | ||
| 041 |
_amal _h |
||
| 082 |
_a894.8123 _bKUN/KE |
||
| 100 | _aKunjan Pillai, Elamkulam . | ||
| 245 |
_aKerala bhashayude vikasa parinamangal, Part 1 / _cElamkulam Kunjan Pillai. _hTextual Documents |
||
| 260 |
_aKottayam : _bSahitya Pravarthaka Co-operative Society , _c1994. |
||
| 300 | _a203 ; . | ||
| 365 | _a3.00 | ||
| 504 | _a | ||
| 942 | _cBK | ||
| 999 |
_c5228 _d5228 |
||